[Event "Ile et Vilaine op 11th"]
[Site "Rennes"]
[Date "2018.07.07"]
[Round "1"]
[White "Mancel, Philippe"]
[Black "Hingouet, Matthieu"]
[Result "0-1"]
[WhiteElo "1806"]
[BlackElo "2209"]
[PlyCount "58"]
[EventDate "2018.07.07"]
[EventType "swiss"]
[EventRounds "9"]
[EventCountry "FRA"]
[SourceTitle "EXT 2019"]
[Source "ChessBase"]
[SourceDate "2018.10.10"]
[SourceVersion "1"]
[SourceVersionDate "2018.10.10"]
[SourceQuality "1"]

1. Nf3 Nf6 2. d4 e6 3. c4 d5 4. Bg5 h6 5. Bh4 Bb4+ 6. Nfd2 dxc4 7. Qa4+ Nc6 8. e3 Bd7 9. a3 Nxd4 10. Qd1 Bxd2+ 11. Nxd2 Nf5 12. Bxf6 Qxf6 13. Bxc4 b5 14. Bd3 Qxb2 15. 0-0 Nd6 16. Qe2 0-0 17. Rfb1 Qf6 18. Nb3 a6 19. Rc1 Rfc8 20. Ra2 e5 21. f3 Be6 22. Rb2 Bxb3 23. Rxb3 c5 24. Rbc3 c4 25. Bb1 a5 26. Rd1 b4 27. axb4 axb4 28. Rxd6 Qxd6 29. Rxc4 Rxc4 0-1

[Event "Gap op"]
[Site "Gap"]
[Date "2009.04.28"]
[Round "4"]
[White "Mancel, Philippe"]
[Black "Diot, Jean Marie"]
[Result "1-0"]
[WhiteElo "1750"]
[BlackElo "1590"]
[PlyCount "55"]
[EventDate "2009.04.??"]
[EventType "swiss"]
[EventRounds "9"]
[EventCountry "FRA"]
[SourceTitle "EXT 2011"]
[Source "ChessBase"]
[SourceDate "2010.11.26"]
[SourceVersion "1"]
[SourceVersionDate "2010.11.26"]
[SourceQuality "1"]

1. Nf3 c5 2. c4 Nc6 3. d4 cxd4 4. Nxd4 g6 5. e4 Bg7 6. Be3 d6 7. Nc3 Bd7 8. Be2 Nf6 9. Qd2 0-0 10. 0-0 Rc8 11. Rad1 b6 12. b3 Ng4 13. Nxc6 Rxc6 14. Bxg4 Bxg4 15. f3 Bd7 16. Bh6 e6 17. Bxg7 Kxg7 18. Nb5 Qb8 19. Nxd6 Rd8 20. Qd4+ Kg8 21. Qf6 Be8 22. Nf5 exf5 23. Qxd8 Qxd8 24. Rxd8 Kf8 25. exf5 gxf5 26. Re1 Re6 27. Rxe6 fxe6 28. Ra8 1-0

[Event "Agneaux St Lo op 07th"]
[Site "Agneaux"]
[Date "2003.02.28"]
[Round "4"]
[White "Mancel, Philippe"]
[Black "Radulski, Julian"]
[Result "0-1"]
[WhiteElo "1790"]
[BlackElo "2491"]
[PlyCount "50"]
[EventDate "2003.02.26"]
[EventType "swiss"]
[EventRounds "7"]
[EventCountry "FRA"]
[SourceTitle "EXT 2004"]
[Source "ChessBase"]
[SourceDate "2003.11.25"]
[SourceVersion "1"]
[SourceVersionDate "2003.11.25"]
[SourceQuality "1"]

1. d4 d5 2. c4 e6 3. Nc3 f5 4. Nf3 c6 5. Qc2 Nf6 6. Bg5 Be7 7. e3 0-0 8. Be2 Kh8 9. h4 Bd7 10. Ne5 Be8 11. c5 Nbd7 12. Bf4 Nxe5 13. Bxe5 Nd7 14. Bg3 e5 15. f4 exd4 16. exd4 Nf6 17. Qxf5 Ne4 18. Qh3 Qa5 19. 0-0 Nxc3 20. bxc3 Qxc3 21. Bf2 Qxh3 22. gxh3 Bd7 23. Bg3 Bf6 24. Rfd1 Rae8 25. Rd2 Rxe2 0-1

[Event "Guingamp op 6th"]
[Site "Guingamp"]
[Date "2002.04.20"]
[Round "7"]
[White "Le Gallais, Roger"]
[Black "Mancel, Philippe"]
[Result "0-1"]
[WhiteElo "1310"]
[BlackElo "1730"]
[PlyCount "55"]
[EventDate "2002.04.16"]
[EventType "swiss"]
[EventRounds "7"]
[EventCountry "FRA"]
[SourceTitle "EXT 2003"]
[Source "ChessBase"]
[SourceDate "2002.11.25"]
[SourceVersion "1"]
[SourceVersionDate "2002.11.25"]
[SourceQuality "1"]

1. Nf3 d5 2. c4 c6 3. cxd5 cxd5 4. g3 Nf6 5. Bg2 e6 6. 0-0 Bd6 7. b3 Nc6 8. Bb2 h5 9. Bxf6 Qxf6 10. d4 Bd7 11. a3 Rc8 12. e3 g5 13. h4 gxh4 14. Nxh4 Ne7 15. Qf3 Qxf3 16. Bxf3 Ng6 17. Ng2 Ke7 18. e4 dxe4 19. Bxe4 f5 20. Bf3 h4 21. Nxh4 Nxh4 22. gxh4 Rcg8+ 23. Bg2 Bc6 24. f3 Rxh4 25. Nd2 Rxd4 26. Rad1 Bc5 27. Rf2 Bxf3 28. Kf1 0-1

[Event "Guingamp op 6th"]
[Site "Guingamp"]
[Date "2002.04.18"]
[Round "4"]
[White "Mancel, Philippe"]
[Black "Herry, Jean"]
[Result "1-0"]
[WhiteElo "1730"]
[BlackElo "1270"]
[PlyCount "44"]
[EventDate "2002.04.16"]
[EventType "swiss"]
[EventRounds "7"]
[EventCountry "FRA"]
[SourceTitle "EXT 2003"]
[Source "ChessBase"]
[SourceDate "2002.11.25"]
[SourceVersion "1"]
[SourceVersionDate "2002.11.25"]
[SourceQuality "1"]

1. d4 Nf6 2. c4 e6 3. Nc3 Bb4 4. Qc2 0-0 5. Nf3 d5 6. Bg5 c5 7. e3 dxc4 8. dxc5 Nbd7 9. Rd1 Qc7 10. Bxf6 Nxf6 11. a3 Bxc5 12. Nd4 Re8 13. Bxc4 Bxa3 14. Bb5 Bb4 15. Bxe8 Nxe8 16. 0-0 b6 17. Qa4 Qe7 18. Nc6 Qc5 19. Nxb4 Bb7 20. Qb5 Qe7 21. Rd7 a6 22. Rxe7 axb5 1-0

[Event "Agneaux St Lo op 06th"]
[Site "Agneaux"]
[Date "2002.02.16"]
[Round "1"]
[White "Mancel, Philippe"]
[Black "Tholey, Jean Paul"]
[Result "1-0"]
[WhiteElo "1730"]
[BlackElo "2040"]
[PlyCount "55"]
[EventDate "2002.02.15"]
[EventType "swiss"]
[EventRounds "7"]
[EventCountry "FRA"]
[SourceTitle "EXT 2003"]
[Source "ChessBase"]
[SourceDate "2002.11.25"]
[SourceVersion "1"]
[SourceVersionDate "2002.11.25"]
[SourceQuality "1"]

1. c4 Nf6 2. d4 g6 3. Nc3 d5 4. cxd5 Nxd5 5. e4 Nxc3 6. bxc3 Bg7 7. Bc4 c5 8. Be3 Nc6 9. Ne2 cxd4 10. Nxd4 Na5 11. Bb5+ Bd7 12. Qa4 b6 13. Rd1 Bxb5 14. Nxb5 Qb8 15. Nc7+ Kf8 16. Qd7 Bxc3+ 17. Ke2 h5 18. Nxa8 Qxa8 19. Qc7 Qxe4 20. Rd8+ Kg7 21. Qxc3+ f6 22. f3 Qa4 23. Rxh8 Qxa2+ 24. Qd2 Qc4+ 25. Kf2 Kxh8 26. Qd8+ Kg7 27. Qxe7+ Kg8 28. Rd1 1-0

[Event "FRA AJEC/5168 corr"]
[Site "France"]
[Date "2002.??.??"]
[Round "?"]
[White "Camps, Jean Pierre"]
[Black "Mancel, Philippe"]
[Result "0-1"]
[WhiteElo "1850"]
[BlackElo "1850"]
[PlyCount "52"]
[EventDate "2002.??.??"]
[EventType "tourn (corr)"]
[EventRounds "8"]
[EventCountry "FRA"]
[SourceTitle "Corr 2004"]
[Source "ChessBase"]
[SourceDate "2003.04.28"]
[SourceVersion "3"]
[SourceVersionDate "2003.04.28"]
[SourceQuality "1"]

1. e4 c5 2. d4 cxd4 3. c3 Nf6 4. e5 Nd5 5. cxd4 Qc7 6. Nf3 e6 7. a3 b6 8. Be2 d6 9. 0-0 Bb7 10. Qa4+ Nd7 11. Qc4 Rc8 12. Nbd2 Nf4 13. Bd1 Qxc4 14. Nxc4 Nxg2 15. Nxd6+ Bxd6 16. Kxg2 Ba8 17. Ba4 Rc7 18. Be3 Ke7 19. Rac1 Rhc8 20. b4 Rc3 21. Ra1 f6 22. Bxd7 Kxd7 23. Kg3 Bxf3 24. Kxf3 fxe5 25. Ke4 exd4 26. Bxd4 R8c4 0-1

[Event "Guingamp op 6th"]
[Site "Guingamp"]
[Date "2002.??.??"]
[Round "2"]
[White "Mancel, Philippe"]
[Black "Cloarec, Audrey"]
[Result "1-0"]
[WhiteElo "1730"]
[BlackElo "1550"]
[PlyCount "107"]
[EventDate "2002.04.16"]
[EventType "swiss"]
[EventRounds "7"]
[EventCountry "FRA"]
[SourceTitle "EXT 2003"]
[Source "ChessBase"]
[SourceDate "2002.11.25"]
[SourceVersion "1"]
[SourceVersionDate "2002.11.25"]
[SourceQuality "1"]

1. c4 e5 2. Nc3 Nf6 3. Nf3 Nc6 4. g3 d5 5. cxd5 Nxd5 6. d3 Bc5 7. Bg2 f6 8. Nxd5 Qxd5 9. 0-0 Be6 10. Ng5 Qd7 11. Nxe6 Qxe6 12. Qc2 Qd6 13. Qa4 0-0 14. Be3 Nd4 15. Bxd4 Qxd4 16. Qxd4 Bxd4 17. e3 Bc5 18. Rac1 Bd6 19. Bxb7 Rab8 20. Bd5+ Kh8 21. Bb3 Rb7 22. Rc4 Rfb8 23. Ra4 h6 24. Rc1 Kh7 25. Rcc4 Ra8 26. Ra6 Rb6 27. Rca4 Rxa6 28. Rxa6 Bc5 29. Bd5 Rd8 30. Be4+ Kg8 31. Rc6 Bb6 32. Bg6 Rd5 33. Re6 Bc5 34. Rc6 Bb6 35. b4 a5 36. Re6 Rd8 37. bxa5 Bxa5 38. Re8+ Rxe8 39. Bxe8 Kf8 40. Bc6 Ke7 41. d4 exd4 42. exd4 Kd6 43. d5 Ke5 44. Kf1 Kd4 45. Ke2 g6 46. a4 h5 47. Kf3 Ke5 48. h4 Kf5 49. Ke3 Bb6+ 50. Ke2 Kg4 51. Bd7+ f5 52. Be6 Ba5 53. Bf7 f4 54. Be6# 1-0